000 00325nam a22001337a 4500
008 171005b xxu||||| |||| 00| 0 eng d
020 _a9780534348236
041 _aeng
080 _26TH
_a519.9
100 _a48
101 _aPSI
245 _aTHEORY AND PRACTICE OF COUNSELING AND PSYCHOTHERAPY
_cCOREY,G
942 _2udc
_cBK
999 _c31847
_d31847